Barbie et les 3 mousquetaires - Statistiques

Statistiques générales
  • Ce quiz a été pris 115 fois
  • Le résultat moyen est 6 sur 10
Statistiques - réponses
Par images Réponse % Correct
Corinne
87%
miette
78%
prince Louis
78%
Renée
76%
Alexandre
64%
Aramina
62%
monsieur de tréville
58%
Viveca
57%
Hélène
43%
Philipe
34%
Aucun quiz correspondant
Distribution des résultats
% des personnes avec chaque résultat
Percentile par nombre de réponses
Votre historique - résultats
Vous n’avez pas pris ce quiz